01026nam a2200289 i 4500001001000000003000900010005001700019007000300036008004100039040003000080041000800110082003100118100004700149245008300196250002100279264004900300300002800349336002700377337003300404338002800437590002800465650006300493910000700556942001400563952014200577999001700719000038604DO-SdBNP20250909113057.0ta250909s2000 dr 000 0 spa d aDO-SdBNPbspacBNPHUerda aspa 4a346.7293 bS941t, 20002221 aSubero Isa, Jorge A.,d1947-eautor97686310aTratado práctico de responsabilidad civil dominicana /cJorge A. Subero Isa. aCuarta edición aMoca, República Dominicana :bDalis,c2000 a392 páginas ;c22 cm. ardacontentbtexto2txt ardamediabsin mediación2n ardacarrierbvolumen2nc aInventariado, 2025 / DG4 aDerecho civilxLegislaciónzRepública Dominicana96943 aDG 2ddccLBS1 00102ddc51708PDaBNPHUbBNPHUcCTd2025-09-09edonaciónl0oBNPHU PD 346.7293 S941t, 2000p2025-9840r2025-09-09w2025-09-09yLBS1 c59865d59865